Представление документа в формате MARC21

Поле Инд. ПП Название Значение
Тип записи a
Библиографический уровень m
001 Контрольный номер RU/IS/BASE/392489925
005 Дата корректировки 20260126080022.0
008 Кодируемые данные 20120608
022 0_ a ISSN 1029-3736 (print); 2541-8769 (online)
041 0_ a Код языка текста rus
084 a Индекс другой классификации/Индекс ББК 60.5; 66
090 a Полочн. индекс 95.4+60
099 a Индекс 71500
245 10 a Заглавие Вестник Московского университета. Серия 18, Социология и политология
n Номер части/ раздела №1/2012
b Продолж. заглавия научный журнал
c Ответственность учредитель: МГУ им. М. В. Ломоносова. Социологический факультет; гл. ред. В. И. Добреньков
260 c Дата издания 2012
b Издательство Издательство Московского университета
a Место издания Москва
300 a Объем 216 с.
500 a Примечание Журнал
530 a Примеч. о доп. формах оглавление
650 14 a Основная рубрика политика
a Основная рубрика политология
a Основная рубрика социология
773 18 w Контрольный № источника RU/IS/BASE/403796091
900 a Имя электронного ресурса ~p_mgy_18_1_12
x Справочная информация Оглавление
901 t Тип документа s
952 a Тип литературы для КСУ ВШ НЖ
991 s 2